Normal view
MARC view
- AL QAEDA.AL-QAEDA
Entry Topical Term
001 - CONTROL NUMBER
- control field: 57671
003 - CONTROL NUMBER IDENTIFIER
- control field: NUST
005 - DATE AND TIME OF LATEST TRANSACTION
- control field: 20210628201954.0
008 - FIXED-LENGTH DATA ELEMENTS
- fixed length control field: 210628|| aca||aabn | a|a d
040 ## - CATALOGING SOURCE
- Original cataloging agency: NUST
- Transcribing agency: NUST
150 ## - HEADING--TOPICAL TERM
- Topical term or geographic name entry element: AL QAEDA.AL-QAEDA
670 ## - SOURCE DATA FOUND
- Source citation: Work cat.: (NUST): Maqbool Arshad 57670, Al-qaeda,the story of osama bin laden's al qaeda
